000 00321nam a22001457a 4500
008 210311b ||||| |||| 00| 0 eng d
020 _a9780534178086
041 _aeng
080 _24th
_a574
082 _27th
_a574
100 _a9
101 _aMJE
245 _aEnvironmental Science
_cMiller,T.G
942 _2udc
_cBK
999 _c56434
_d56434